Medical Surgical: (Record no. 187749)

MARC details
000 -LEADER
fixed length control field 00634nam a22001817a 4500
005 - DATE AND TIME OF LATEST TRANSACTION
control field 20220428151426.0
010 ## - LCCN (DPL NO)
LC control number ENG-132447
020 ## - INTERNATIONAL STANDARD BOOK NUMBER
International Standard Book Number 9789385616044
Terms of availability 925.00
035 ## - SYSTEM CONTROL NUMBER
System control number EN-115979
037 ## - SOURCE OF ACQUISITION
Source of stock number/acquisition DBAD/PUB
082 ## - DEWEY DECIMAL CLASSIFICATION NUMBER
Classification number 617.0231
100 ## - MAIN ENTRY--PERSONAL NAME
Personal name Prathiba, P.M.
245 ## - TITLE STATEMENT
Title Medical Surgical:
Remainder of title GNM Second Year/
Statement of responsibility, etc P.M. Prathiba
260 ## - PUBLICATION, DISTRIBUTION, ETC. (IMPRINT)
Place of publication, distribution, etc Vijayawada
Name of publisher, distributor, etc Vijayam Publications
Date of publication, distribution, etc 2022
270 ## - ADDRESS
Address #29-2-28,Ramamandiram St,Governerpet,Eluru Road,Vijaywada-2,A.P.
City Vijayawada
Postal code 517502
Telephone number 0866-2432445
Electronic mail address vijayampublicationtriupati@gmail.com
300 ## - PHYSICAL DESCRIPTION
Extent 14.36vp.
Dimensions 24cm.(pbk)
942 ## - ADDED ENTRY ELEMENTS (KOHA)
Item type English Books
Classification part 617.0231
Source of classification or shelving scheme Dewey Decimal Classification
Call number suffix PRA
Holdings
Withdrawn status Lost status Not for loan Collection code Home library Current library Date acquired Source of acquisition Cost, normal purchase price Full call number Barcode Copy number Cost, replacement price Koha item type
      Non-fiction Patel Nagar Patel Nagar 28/04/2022 DBAD/PUB 925.00 617.0231 PRA EN-115979 1 925.00 English Books

© Delhi Public Library
Hit Counter
free hit counter